| 000 | 01795nam a2200397 a 4500 | ||
|---|---|---|---|
| 003 | PE-LiUPU | ||
| 005 | 20250731173600.0 | ||
| 008 | 190716s2019 pe gr 000 0 spa | ||
| 040 |
_aBNP _bspa _cPE-LiUPU _dPE-LiUPU _erda |
||
| 082 | 0 | 4 |
_a248.256732 _223 _bT917d |
| 100 | 1 |
_aTula Ll., Javier, _d1974- |
|
| 245 | 1 | 0 |
_aDiscipulado radical y expansivo : _bfundamento bíblico, reseña histórica, acciones concretas / _cJavier César Tula Llanos. |
| 250 | _aPrimera edición | ||
| 264 |
_aLima : _bUniversidad Peruana Unión, _c2019. |
||
| 300 |
_a143 páginas ; _c21 centímetros. |
||
| 500 | _a"Edición centenario"--Cubierta. | ||
| 504 | _aBibliografía: p. 131-143. | ||
| 505 | _aFUNDAMENTOS BÍBLICOS -- ¿En donde está el problema? -- Qué es discipulado y porqué es radical? -- ¿Qué elementos requiere un discipulado radical? -- RESEÑA HISTÓRICA -- ¿Cómo se desarrolló el discipulado en el Canon bíblico? -- ¿Cómo se desarrolló el discipulado posterior al canon bíblico? -- ACCIONES CONCRETAS -- Establezca una estructura base de discipulado -- Establezca una red de discipulado -- Establezca metas concretas de discipulado -- Establezca un plan de retención para los nuevos | ||
| 526 | _aSEG42 | ||
| 526 | _aSEG41 | ||
| 526 | _aSEG40 | ||
| 526 | _aSEG39 | ||
| 526 | _aP94 | ||
| 526 | _aP87 | ||
| 526 | _aP86 | ||
| 526 | _aP85 | ||
| 526 | _aP77 | ||
| 526 | _aP76 | ||
| 526 | _aP35 | ||
| 650 | 1 | 8 |
_aVida cristiana _xAdventistas del Séptimo Día. _9939 |
| 650 | 2 | 8 |
_aDiscipulado (Cristianismo) _9847 |
| 650 | 2 | 8 |
_aEvangelización _xAdventistas del Séptimo Día. |
| 710 | 2 | _aUniversidad Peruana Unión. | |
| 942 |
_2ddc _cBK _n0 |
||
| 980 |
_618226 _aJaime Vilcazán Jefe de Análisis Documental _81 _gALBERTO SANCHEZ Responsable de Automatización |
||
| 999 |
_c62285 _d62284 |
||